| 000 | 01878nam a2200433Ii 4500 | ||
|---|---|---|---|
| 001 | DIGUANDES607 | ||
| 003 | NyNyDIG | ||
| 008 | 230406s2022 ck a ob 001 0 spa d | ||
| 006 | m o d | ||
| 007 | cr ||||||||||| | ||
| 035 | _a(OCoLC)1377520752 | ||
| 040 |
_aDGITA _beng _erda _epn _cDGITA |
||
| 020 |
_a9789587983104 _qeBook |
||
| 020 |
_z9789587983074 _qimpreso |
||
| 043 | _acl----- | ||
| 050 | 1 | 4 | _aML1717.A14 ebook |
| 100 | 1 |
_aKlein, Alexander, _c(Musicologist), _eauthor. |
|
| 245 | 1 | 3 |
_aEl sastre de dos mundos. _nTomo I, _pLuigi Bazzani y la ópera en América / _cAlexander Klein ; Jaime Luis Bazzani, del prólogo. |
| 246 | 3 | 0 | _aLuigi Bazzani y la ópera en América |
| 264 | 1 |
_aBogotá D.C., Colombia : _bEdiciones Uniandes, _c[2022] |
|
| 300 |
_a1 online resource : _billustrations. |
||
| 336 |
_atext _btxt _2rdacontent |
||
| 337 |
_acomputer _bc _2rdamedia |
||
| 338 |
_aonline resource _bcr _2rdacarrier |
||
| 347 |
_atext file _2rdaft |
||
| 347 | _bEPUB | ||
| 500 | _a"Universidad de los Andes, Facultad de Artes y Humanidades, Departamento de Música." | ||
| 504 | _aIncludes bibliographical references and index. | ||
| 588 | 0 | _aOnline resource; title from ePub title page (Digitalia, viewed April 6, 2023) | |
| 600 | 1 | 0 |
_aBazzani, Luigi _xCriticism and interpretation. |
| 650 | 0 |
_aOpera _zLatin America _xHistory _y19th century. |
|
| 700 | 1 |
_aBazzani, Jaime Luis, _econtributor agent of text. |
|
| 791 | 2 |
_aDigitalia (Firm), _edistributor. |
|
| 793 | 0 |
_gDigitalia eBook Collection: _aUniversidad de los Andes |
|
| 776 | 0 | 8 |
_iPrint version: _aKlein, Alexander, (Musicologist) _tSastre de dos mundos. _bPrimera edición. _dBogotá D.C., Colombia : Ediciones Uniandes, [2022] _z9789587983074 |
| 856 | 4 | 0 |
_3Digitalia Hispánica _uhttps://www.digitaliapublishing.com/a/126230/ |
| 910 | _aPremium collection: 2023 | ||
| 942 | _cRAA | ||
| 999 |
_c277912 _d277912 |
||